000 00488cam a2200145 4500500
005 20260111093419.0
041 _afre
042 _adc
100 1 0 _aMiossec, Alain
_eauthor
245 0 0 _aToujours plus vite sur mer : du Ruban bleu aux grandes courses à la voile
260 _c2016.
500 _a85
786 0 _nLa Géographie | 1562 | 3 | 2016-07-01 | p. 20-23 | 1964-9002
856 4 1 _uhttps://shs.cairn.info/revue-la-geographie-2016-3-page-20?lang=fr&redirect-ssocas=7080
999 _c1626293
_d1626293